[Event "EU-ch 2nd"]
[Site "Ohrid"]
[Date "2001.06.06"]
[Round "6"]
[White "Malakhatko, Vadim"]
[Black "Short, Nigel D"]
[Result "1/2-1/2"]
[WhiteElo "2524"]
[BlackElo "2676"]
[Annotator "Dautov,R"]
[PlyCount "60"]
[EventDate "2001.06.01"]
[EventType "swiss"]
[EventRounds "13"]
[EventCountry "YUG"]
[SourceTitle "CBM 084"]
[Source "ChessBase"]
[SourceDate "2001.09.13"]
[SourceVersion "1"]
[SourceVersionDate "2001.09.13"]
[SourceQuality "1"]

1. d4 e6 2. c4 Nf6 3. Nf3 d5 4. Nc3 Be7 5. Bf4 c5 6. dxc5 Na6 {Eine seltene
Fortsetzung. Schwarz wünscht sich, wie in der Variante 5...0-0 6.e3 Nbd7, eine
Isolani-Stellung mit dem Springer auf c5. Weiß hat eine breite Palette
verschiedener Möglichkeiten.} 7. e3 (7. g3 O-O 8. cxd5 Nxd5 $1 9. Nxd5 exd5 10.
Bg2 Nxc5 11. O-O Bf5 $1 12. Rc1 (12. Nd4 Be4 13. Bh3 Qb6 14. b3 Ne6 $11 {
Krasenkow,M-Zontakh,A/Cutro 1999}) 12... Be4 13. Be3 Ne6 14. Nd4 Bxg2 15. Kxg2
Bf6 $11 {Epishin,V-Short,N/Deutschland 1998}) (7. Bd6 dxc4 (7... O-O 8. cxd5
exd5 9. e3 Bxd6 10. cxd6 Qxd6 11. Be2 $14) (7... Nxc5 8. Bxe7 Qxe7 9. cxd5 exd5
10. e3 O-O 11. Be2 $14) 8. Qd4 O-O 9. e4 Nd7 10. Bxc4 Naxc5 11. Rd1 Bxd6 12.
Qxd6 Qb6 13. Bb5 a6 14. Qxb6 Nxb6 15. Be2 Nba4 $11 {Portisch,L-Ivkov,B/Prague
1970}) (7. cxd5 $1 {M.E. das Beste.} exd5 (7... Nxd5 8. Nxd5 exd5 9. e4 $1 dxe4
10. Qxd8+ Bxd8 11. Bb5+ $36) 8. g3 (8. e3 Nxc5 9. Be2 O-O 10. O-O a6 11. Rc1
Be6 12. Nd4 Rc8 $11 {Yakovich,Y-Zvjaginsev,V/Samara 1998}) ({aussichtreicher
scheint mir} 8. Bd6 $5) 8... Nxc5 9. Bg2 O-O 10. O-O Bg4 11. h3 Bxf3 12. Bxf3
d4 13. Nb5 Ne6 14. Be5 Qa5 $11 {Van Wely,L-Van der Sterren,P/Rotterdam 1999})
7... Nxc5 8. Be2 {Sehr vorsichtig gespielt. Offensichtlich verfolgte Weiß das
einzige Ziel - nicht zu verlieren.} ({Etwas mehr verspricht} 8. cxd5 Nxd5 9.
Nxd5 exd5 10. Bb5+ Bd7 11. Bxd7+ Qxd7 12. O-O {mit einer typischen
"Etwas-Besser-Aber-Nicht-Zu-Gewinnen" - Isoliani-Stellung.}) 8... O-O 9. O-O (
9. cxd5 Nxd5 10. Nxd5 exd5 11. O-O Qb6 $11) 9... dxc4 10. Bxc4 a6 11. Ne5 Ncd7
$1 $11 {Der einfachste Weg zum Ausgleich, nach dem Abtausch des Ne5 kann
Schwarz seine Entwicklung problemlos beenden.} 12. Be2 Nxe5 13. Bxe5 Qa5 14.
Bg3 b5 15. Bf3 Ra7 16. a3 Rd8 17. Qe2 Rad7 18. Rfd1 Qb6 19. Rxd7 Rxd7 20. Rd1
Bb7 21. Be5 Bxf3 22. Qxf3 Rxd1+ 23. Qxd1 Qc6 {Schwarz hegt die Hoffnung, mit
Nf6-d7 die lange schwarze Diagonale zu übernehmen, aber Weiß ist auf der Hut.}
24. Ne2 $1 Nd7 25. Bc3 Nb6 26. h3 Nd5 (26... Na4 27. Bd4 f6 28. b3 Nc5 29. Bxc5
Bxc5 30. Qc2 $11) 27. Bd4 Bf8 28. Nc3 f6 29. Nxd5 Qxd5 30. Qc2 e5 1/2-1/2

[Event "Bundesliga 0506"]
[Site "Germany"]
[Date "2005.10.22"]
[Round "1.5"]
[White "Graf, Alexander"]
[Black "Boensch, Uwe"]
[Result "1/2-1/2"]
[WhiteElo "2613"]
[BlackElo "2547"]
[Annotator "Dautov,R"]
[PlyCount "80"]
[EventDate "2005.10.21"]
[EventType "team-tourn"]
[EventRounds "15"]
[EventCountry "GER"]
[SourceTitle "CBM 110"]
[Source "ChessBase"]
[SourceDate "2006.01.31"]
[SourceVersion "1"]
[SourceVersionDate "2006.01.31"]
[SourceQuality "1"]
[WhiteTeam "Porz"]
[BlackTeam "Tegernsee"]
[WhiteTeamCountry "GER"]
[BlackTeamCountry "GER"]

1. d4 d5 2. c4 e6 3. Nc3 Nf6 4. Nf3 Be7 5. Bf4 O-O 6. e3 b6 7. cxd5 Nxd5 8.
Nxd5 Qxd5 {Vor 4 Jahren empfahl ich diesen Zug in meiner CD D37. A.Graf findet
eine Verstärkung des weißen Spiels.} 9. Bd3 Qa5+ 10. Kf1 $1 $146 {[%mdl 8]
Eine wichtige Neuerung. Der weiße König macht sich auf den Weg nach h2. Ich
analysierte nur 10.Nd2 und 10.Ke2, mit gutem Spiel für Schwarz in beiden
Fällen.} (10. Nd2 Ba6 11. Bxa6 Qxa6 12. Qe2 c5 13. Bxb8 Qxe2+ 14. Kxe2 Raxb8
15. dxc5 Bxc5 16. Rac1 Rfc8 $11 {Yakovich,Y-Gelfand,B/Minsk 1986}) (10. Ke2 Ba6
11. a3 (11. Bxc7 Bxd3+ 12. Qxd3 Na6 13. Bg3 Nb4 14. Qb3 Qa6+ 15. Kd2 Rfc8 $40)
11... c5 12. b4 (12. dxc5 bxc5 $11) 12... Bxd3+ 13. Qxd3 Qa4 14. Rhc1 (14. bxc5
bxc5 15. Rhc1 Rd8 16. Qc4 Qxc4+ 17. Rxc4 Nd7 $11) 14... Nd7 15. dxc5 bxc5 16.
Bd6 Bxd6 17. Qxd6 Rac8 18. bxc5 Qb5+ 19. Qd3 Qxd3+ 20. Kxd3 Nxc5+ $11 {Esen,B 
(2301)-Boensch,U (2547)/Saint Vincent 2005}) 10... Ba6 11. Bxc7 Bxd3+ 12. Qxd3
Na6 13. Bg3 Nb4 $1 {Ungenauer ist 13...Rac8, da in einigen Varianten der Bauer
a7 ungedeckt bleibt.} (13... Rac8 $6 14. h3 Nb4 15. Qb3 Rc2 16. Kg1 Rfc8 (16...
Qd5 17. Kh2 Qxb3 18. axb3 a5 19. Ne5 $14) 17. Kh2 Qb5 18. a3 Qd5 19. Qxd5 Nxd5
20. Rhb1 Nf6 21. Ne1 R2c6 22. Rd1 $16 {Levin,F (2506)-Beckhuis,G (2328)/
Katernberg 2005}) 14. Qb3 Rfc8 15. h3 {Der weiße König kann nicht daran
gehindert werden, den sicheren Platz auf h2 zu erreichen. Andererseits
beherrscht Schwarz die einzige offene Linie, was ihm ein langfristiges
Gegenspiel sichert.} Rc2 16. Ne1 $1 {Genau gespielt! Im Falle von 16.Kg1 war
16...Qd5! stark (vgl. mit 13...Rac8?!).} (16. Kg1 Qd5 $1 17. Qxd5 exd5 18. a3
Nd3 $11) 16... Rc6 {Vorzuziehen war das freche 16...Rd2!, und der aktive
schwarze Turm sorgt für ausreichend Gegenspiel.} (16... Rd2 $1 17. Kg1 (17. Qc3
Qb5+ 18. Kg1 Qe2 $11) (17. a3 Rc8 (17... Qd5 $4 18. Qc3 $18) 18. Kg1 Qd5 19.
Qxd5 Nxd5 20. Rb1 h5 $44) 17... Rc8 18. Kh2 h5 19. h4 Qd5 $44) 17. Kg1 h5 $6 (
17... Rac8 $5) 18. Nf3 $6 ({Mit} 18. a3 $1 {könnte Alexander unter günstigen
Umständen den schwarzen Springer vertreiben.} Rac8 (18... Qd5 19. Qd1 $1 $16)
19. Rd1 Qd5 (19... Nd5 20. e4 Nf6 21. Qe3 $16) (19... Nc2 20. Nf3 $16) 20. Qxd5
Nxd5 21. e4 Nf6 22. f3 $16) 18... Qf5 (18... Rc2 $1 19. Kh2 Qd5 $44) 19. Kh2 {
Weiß hat sein Ziel erreicht und kann endlich seine Türme verbinden.} Rac8 20.
a3 Nd5 21. Rhe1 Nf6 22. Rad1 Qd5 23. Qxd5 (23. Qd3 Ne4 $14) 23... exd5 24. Ne5
$1 {Der Springer wird auf das Traumfeld d3 überführt.} Rc2 25. Nd3 Ne4 26. h4
g5 $1 {Unter praktischen Aspekten die richtige Entscheidung. Statt passiv
abzuwarten sucht Uwe nach aktivem Gegenspiel - und kann dadurch die Partie
retten.} 27. hxg5 Bxg5 {/\h4} 28. f3 Nd2 $2 ({Genauer war der Gegenangriff} 
28... h4 $1 29. Bf4 (29. Be5 Nf2 30. Nxf2 Rxf2 $44) (29. fxe4 hxg3+ 30. Kxg3
dxe4 $11) 29... Bxf4+ 30. Nxf4 Ng5 31. Re2 Rxe2 32. Nxe2 Rc2 33. Nf4 Rxb2 $14)
29. Kh3 Nc4 30. Bf4 Bxf4 31. Nxf4 $16 Nxb2 32. Ra1 Kf8 (32... Rd8 33. Ra2 $1
$16) 33. Nxd5 Nd3 34. Reb1 Rd8 35. Nf6 $2 {Offensichtlich in Zeitnot, greift
Weiß fehl.} (35. e4 Rc4 36. Kh4 Rxd4 37. Kxh5 Kg7 38. Kg5 $16) (35. Rb5 a6 36.
Nb4 $16) 35... Re2 $1 36. Nxh5 Rxe3 $11 37. Ng3 Nf4+ 38. Kh2 Ne6 39. Nf5 Re2
40. Rb5 Nxd4 1/2-1/2

[Event "Poikovsky Karpov 05th"]
[Site "Poikovsky"]
[Date "2004.03.18"]
[Round "2"]
[White "Aleksandrov, Aleksej"]
[Black "Zvjaginsev, Vadim"]
[Result "0-1"]
[WhiteElo "2679"]
[BlackElo "2654"]
[Annotator "Dautov,R"]
[PlyCount "95"]
[EventDate "2004.03.17"]
[EventType "tourn"]
[EventRounds "9"]
[EventCountry "RUS"]
[EventCategory "18"]
[SourceTitle "CBM 100"]
[Source "ChessBase"]
[SourceDate "2004.06.01"]
[SourceVersion "1"]
[SourceVersionDate "2004.06.01"]
[SourceQuality "1"]

1. d4 d5 2. c4 e6 3. Nc3 Be7 4. Nf3 Nf6 5. Bf4 c5 6. dxc5 Na6 7. cxd5 Nxd5 8.
Nxd5 exd5 9. e3 Nxc5 10. Bb5+ {Weiß tauscht die Läufer und erreicht eine
komfortable Stellung. Dennoch hat Zvjaginsev bereits in mehreren Partien
bewiesen, daß Schwarz mit seinem Isolani nichts zu befürchten hat. Vielleicht
sollten sich diejenigen, die ein inhaltsreicheres Spiel suchen, Ftacniks Zug
10.Be5!? anschauen.} (10. Be5 $5 O-O 11. Be2 Be6 12. O-O Rc8 13. Rc1 Qd7 14.
Nd4 a6 15. Nxe6 fxe6 16. Qd4 Bd6 17. Bxd6 Qxd6 18. Rfd1 Nd7 19. Rxc8 Rxc8 20.
e4 $14 {Ftacnik,L-Boensch,U/Jenbach 2004}) 10... Bd7 11. Bxd7+ Qxd7 12. O-O O-O
13. Be5 (13. Qe2 Rfd8 (13... Bf6 $6 14. Be5 Bxe5 15. Nxe5 Qc7 16. Nf3 Rac8 17.
Rfd1 Rfd8 18. Nd4 $14 {Bielicki,C-Darga,K/Havana 1964}) 14. Rfd1 Rac8 15. Be5
b5 $2 (15... Ne4 $1 16. Rac1 Qa4 $132) 16. Bc3 $1 {><a5} Qb7 17. Ba5 $1 Rd7 18.
Rac1 Bf6 19. Rc2 $16 {Dreev,A-Short,N/Hyderabad 2002}) 13... Rac8 14. Rc1 (14.
Bd4 a6 15. Rc1 Ne4 16. Qd3 Rxc1 17. Rxc1 Rc8 18. Rxc8+ Qxc8 19. Qd1 {Atalik,
S-Zvjaginsev,V/Istanbul 2003} f6 $11) 14... a6 15. h3 Rfd8 16. Qe2 Ne4 17. Rfd1
Rxc1 18. Rxc1 Rc8 19. Rd1 $5 {Aleksandrov will mehr als ein Remis und gibt die
offene c-Linie freiwillig ab. Ein chancenreiches aber riskantes Unterfangen!} (
19. Rxc8+ Qxc8 20. Qd1 Qc5 $11) 19... f6 20. Bd4 $2 {Befreit die gegnerische
Dame von der lästigen Aufgabe, den Bauern d5 zu verteidigen. Richtig war 20.
Bf4.} (20. Bf4 $1 Bf8 $1 (20... Qa4 21. Nd4 $1 Qxa2 22. Qg4 $40) (20... g5 $6
21. Bh2 Qb5 $2 22. Qxb5 axb5 23. Nd4 b4 24. Nf5 Bf8 25. f3 $16) 21. Nd4 $13)
20... Qb5 {Der Damentausch führt zu einem interessanten und ausgeglichenen
Endspiel, aber mit dem Zwischenzug 20...Qa4 könnte Zvjaginsev mehr erreichen.}
(20... Qa4 $1 21. b3 (21. Ne1 Qxa2 22. Qg4 Rc7 23. Qe6+ Kf8 $15) 21... Qb5 $1
22. Qxb5 (22. Qb2 Bb4 $36) 22... axb5 23. Ne1 b4 24. f3 Nc3 25. Rd2 Ra8 26. a4
b5 $15) 21. Qxb5 axb5 {/\Rc2} 22. Ne1 $1 b4 $1 {[%csl Ra2] ><a2} 23. f3 Nd6 24.
Nd3 Nb5 25. Rc1 (25. Nf4 Rc2 26. Nxd5 Bf8 27. Rb1 Rd2 $15) 25... Rc4 $1 {
Stark aber auch erzwungen. Wegen der Drohung 26...Nxd4 wird der weiße Läufer
auf b6 verdrängt.} 26. Bb6 (26. Rxc4 dxc4 $17) 26... Kf7 27. Kf2 (27. b3 $5 Rc3
(27... Rc6 $11) 28. Rxc3 Nxc3 (28... bxc3 $2 29. Kf2 c2 30. Ke2 Bb4 31. Nc1 Ke6
32. Kd3 Na3 33. Bd4 $16 {/\Bb2}) 29. Nc1 $11) 27... Ke6 28. Ba5 $5 (28. Nf4+
Kd7) (28. b3 Rc6 (28... Rc3) 29. Bd4 $11) (28. Ke2 Kd7 $11) 28... g5 29. g4 $6
{Wie immer ehrgeizig spielend, gerät Aleksandrov nach und nach in Gefahr. Es
war langsam Zeit, nach 29.b3 Remis zu forcieren.} (29. b3 Rxc1 (29... Rc3 $2
30. Rxc3 Nxc3 31. a4 $1 $14) 30. Nxc1 Na7 $1 (30... d4 $2 31. e4 f5 32. exf5+
Kxf5 33. Nd3 $16) 31. Nd3 Nc6 32. Bb6 f5 $11) 29... Bd6 30. Ke2 f5 31. Kd1 h5
32. gxh5 $6 ({Es war noch nicht zu spät für} 32. b3 $1 $11) 32... Rh4 33. Nc5+
$2 Bxc5 34. Rxc5 Nd6 $17 {Dank seinem aktiven Turm bekommt Schwarz nun gute
Gewinnchancen.} 35. Ke2 Rxh5 36. Bxb4 Rxh3 37. Rc2 $2 (37. Rc7 $142 $1 Rh2+ 38.
Kd3 Rxb2 39. Bxd6 Kxd6 40. Rg7 $17) 37... Nc4 $1 38. Bc3 g4 39. fxg4 fxg4 $19
40. Rc1 Rxe3+ 41. Kf2 Rf3+ 42. Kg1 Kf5 43. b3 Ne5 44. Bd4 Rd3 45. Bxe5 Kxe5 46.
Rc7 Rd2 47. a4 b6 48. Rc6 (48. Rc6 d4 49. Rxb6 d3 $19 {/\Rb2, d2}) 0-1

[Event "Bundesliga 0506"]
[Site "Germany"]
[Date "2005.12.10"]
[Round "5.8"]
[White "Doettling, Fabian"]
[Black "Senff, Martin"]
[Result "1/2-1/2"]
[WhiteElo "2542"]
[BlackElo "2469"]
[Annotator "Dautov,R"]
[PlyCount "144"]
[EventDate "2005.10.21"]
[EventType "team-tourn"]
[EventRounds "15"]
[EventCountry "GER"]
[SourceTitle "CBM 111"]
[Source "ChessBase"]
[SourceDate "2006.04.04"]
[SourceVersion "1"]
[SourceVersionDate "2006.04.04"]
[SourceQuality "1"]
[WhiteTeam "Baden-Baden"]
[BlackTeam "Katernberg"]
[WhiteTeamCountry "GER"]
[BlackTeamCountry "GER"]

1. d4 Nf6 2. Nf3 d5 3. c4 e6 4. Nc3 Be7 5. Bf4 O-O 6. e3 Nbd7 7. a3 c5 8. cxd5
Nxd5 9. Nxd5 exd5 10. dxc5 Nxc5 11. Be5 Bf6 12. Bxf6 Qxf6 13. Qd4 Qd6 (13...
Qxd4 14. Nxd4 Bd7 15. f3 Rfc8 16. Kd2 Ne6 17. Nxe6 Bxe6 18. Bd3 Kf8 19. g4 h6
20. h4 $14 {Zvjaginsev,V-Vescovi,G/Poikovsky 2003}) 14. Bd3 $1 $146 {[%mdl 8]
Bravo, Fabian! In dieser Vaganian-geprägten, fast-schon-remis-Stellung hat er
ein wichtiges Wörtchen mitzureden!} ({Bisher hat man erfolglos 14.Rd1 versucht.
} 14. Rd1 Rd8 15. b4 (15. Bc4 $6 Bf5 16. O-O Bc2 17. Rc1 dxc4 18. Rxc2 b5 19.
Qxd6 Rxd6 $15 {Onischuk,A-Vaganian,R/Togliatti 2003}) (15. Bd3 Nxd3+ 16. Rxd3
Bf5 17. Rc3 Be4 18. O-O Bxf3 19. gxf3 Qg6+ 20. Kh1 Qf5 $11 {Sokolov,I-Vaganian,
R/Mainz 2003}) (15. Be2 Bf5 16. b4 Ne6 17. Qb2 a5 18. O-O axb4 19. axb4 Ra4 20.
b5 d4 21. Nxd4 Nxd4 22. exd4 Rxd4 23. Rxd4 Qxd4 24. Qxd4 Rxd4 $11 {Gyimesi,
Z-Nielsen,P/Germany 2004}) 15... Ne6 16. Qh4 a5 17. Bd3 h6 18. O-O axb4 19.
axb4 Ra4 20. Rb1 d4 $11 {Mamedyarov,S (2660)-Vaganian,R (2640)/Pamplona 2004})
14... Rd8 (14... Nb3 15. Qh4 h6 16. Rd1 $14) (14... Nxd3+ 15. Qxd3 Bg4 16. Nd4
Rac8 17. O-O $14) (14... Bg4 $5 15. Bxh7+ Kxh7 16. Qxg4 Nd3+ 17. Kf1 Nxb2 18.
h4 $14) 15. Bc2 Ne6 16. Qh4 $1 {Die Idee der Neuerung, durch den Angriff auf
h7 gewinnt Weiß ein wichtiges Tempo für seine Entwicklung.} h6 17. O-O b6 {
Der typische Vorstoß d5-d4 verbietet sich hier, und Schwarz muss sich auf die
Isolani-Verteidigung einstellen.} (17... d4 $2 18. Rad1 Qb6 19. Nxd4 Qxb2 20.
Nxe6 Rxd1 21. Rxd1 $18) 18. Rfd1 Bb7 19. Rd2 Rac8 20. Rad1 Kf8 $1 {/\Qe7} 21.
h3 {In Frage kam 21.Bf5, um den Springer abzutauschen und die schwarzen Felder
zu blockieren.} (21. Bf5 $5 Qe7 22. Qh3 Qf6 23. Bxe6 fxe6 24. Qg3 Kg8 25. Ne5
$14) 21... Qe7 22. Qxe7+ {Das Endspiel verspricht Weiß nicht viel, denn die
schwarzen Figuren stehen optimal, und das Gegenspiel in der c-Linie ist intakt.
} Kxe7 23. Bb3 Rc5 24. Ne1 a5 25. Nd3 Rc7 26. Nc1 Nc5 27. Bc2 Ba6 $1 28. Rxd5
$6 {Weiß hätte sich mit 28.Na2 mit Ausgleich zufriedengeben sollen.} (28. Na2
Bc4 29. Nc3 Rcd7 $11) 28... Rxd5 29. Rxd5 Nd3 $2 {Es gab keinen Grund, das
unangenehme Turmendspiel anzustreben, mit 29...Nb7 könnte Schwarz in Vorteil
kommen!} (29... Nb7 $1 30. Rd2 Nd6 31. b3 Nb5 $15 {, und Schwarz bekommt den
geopferten Bauern mit Zinsen zurück.}) 30. Bxd3 Rxc1+ 31. Kh2 Bxd3 32. Rxd3 Rc2
33. Rb3 Rxf2 34. Rxb6 Re2 35. Rb5 Ke6 36. a4 g5 $2 {Ein Zeitnotfehler.} (36...
g6 $1 37. Rxa5 Rxb2 38. Kg3 Ra2 $14) 37. Rxa5 Rxb2 38. Ra6+ Kf5 39. Rxh6 $16
Ra2 40. Ra6 Ra3 41. Ra5+ Kg6 42. e4 f6 43. Ra6 Re3 44. Re6 Kf7 45. Rb6 Rxe4 46.
a5 Ra4 47. a6 Kg6 48. Kg3 Ra3+ 49. Kf2 Kf5 50. Ke2 Ke5 51. g4 $2 {Einen
Schritt vor dem Ziel greift Fabian fehl. Der Marsch des Königs zum Bauern a6
hätte die Partie entschieden.} (51. Kd2 $1 f5 (51... Ra2+ 52. Kc3 Rxg2 53. Rb5+
Kf4 54. Kb3 Rg3+ 55. Ka2 $18) 52. Kc2 Kf4 53. Kb2 Ra5 54. Rg6 $1 $18) 51... f5
52. gxf5 (52. Rb5+ Kf6 53. Rxf5+ Kg6 $11) 52... Kxf5 53. Rh6 (53. Kd2 Rxh3 $11)
53... g4 54. hxg4+ Kxg4 $11 55. Kd2 Kg5 56. Rb6 Kf5 57. Kc2 Ke5 58. Kb2 Ra5 59.
Rh6 Kd4 60. Kb3 Ra1 61. Kb2 (61. Kb4 Rb1+ 62. Ka5 Kc5 $11) 61... Ra5 62. Rh4+
Kd3 63. Rh3+ Kc4 64. Ra3 Rb5+ 65. Kc2 Rb8 66. Rc3+ Kd5 67. a7 Ra8 68. Rc7 Kd6
69. Rh7 Kc6 70. Kc3 Kb6 71. Kb4 Rxa7 72. Rxa7 Kxa7 1/2-1/2

[Event "FIDE-Wch"]
[Site "San Luis"]
[Date "2005.10.09"]
[Round "10"]
[White "Topalov, Veselin"]
[Black "Morozevich, Alexander"]
[Result "1/2-1/2"]
[WhiteElo "2788"]
[BlackElo "2707"]
[Annotator "Dautov,R"]
[PlyCount "121"]
[EventDate "2005.09.28"]
[EventType "tourn"]
[EventRounds "14"]
[EventCountry "ARG"]
[EventCategory "20"]
[SourceTitle "CBM 110"]
[Source "ChessBase"]
[SourceDate "2006.01.31"]
[SourceVersion "1"]
[SourceVersionDate "2006.01.31"]
[SourceQuality "1"]

1. d4 Nf6 2. c4 e6 3. Nf3 d5 4. Nc3 Be7 5. Bf4 O-O 6. e3 c5 7. dxc5 Bxc5 8. a3
Nc6 9. cxd5 Nxd5 10. Nxd5 exd5 11. Bd3 Bb6 12. O-O d4 13. e4 Bc7 $146 {Typisch
Morozevich! Er bringt eine Neuerung in einer bekannten theoretischen Stellung,
in der alle Welt 14...Bg4 spielt.} 14. Bxc7 Qxc7 15. h3 Qb6 16. b4 Be6 17. Rc1
h6 18. Qd2 $14 {Weiß hat einen langfristigen Vorteil, da die gegnerischen
Figuren an die Schwäche d4 gebunden und dementsprechend passiv sind.} Rfd8 19.
Qf4 Ne7 20. Rc5 (20. e5 $5 $14) 20... Ng6 21. Qg3 $6 ({Besser scheint mir} 21.
Qd2 $1 $14 {zu sein, was den folgenden Vorstoß verhindert hätte.}) 21... a5 $1
{Der richtige Zeitpunkt für das Gegenspiel ist gekommen, Schwarz darf nicht
auf Rfc1 warten.} (21... Rac8 $2 22. Rfc1 Rxc5 23. Rxc5 $16) 22. Rb5 Qc6 23. e5
(23. bxa5 Qc3 24. Rd1 Rxa5 $132) 23... b6 (23... axb4 24. Rxb4 Rxa3 25. Bxg6
fxg6 26. Nxd4 $16) (23... Bf5 $5 24. Rc5 Qd7 25. Bxf5 Qxf5 26. bxa5 Nf4 $44)
24. bxa5 bxa5 25. Rfb1 Nf8 26. Nd2 Bd5 ({Besser war} 26... Qc3 $1 27. Nb3 (27.
Ne4 Qxa3) 27... a4 28. Nc5 Bd5 $13) 27. f4 $5 {Risikofreudig und energisch
gespielt. Für das Traumbauernduo e5, f5 ist Topalov ist gerne bereit, den
Bauern a3 zu opfern und verschmäht den sicheren Weg 27.Nb3.} (27. Nb3 $1 Ne6
28. Rc1 Qd7 29. Nc5 Qe7 30. Nxe6 Bxe6 31. Rc6 $1 $14) 27... Qc3 28. R1b2 (28.
Rxd5 Qxd2 $1 $11) 28... Qc1+ (28... Ng6 29. Rc2 $1 (29. f5 $2 Nf4 30. Qxf4 Qxd3
$15) 29... Qxa3 30. Kh2 a4 31. Rc7 $40) 29. Kh2 Rac8 30. f5 Rc3 $2 {Angesichts
des vermeidlich drohenden f5-f6 ein verständlicher Zug, es ist dennoch ein
Fehler. Besser war das kaltblütige 30...a4!, um für den schwarzen Turm das
Abzugsfeld b3 vorzubereiten.} (30... a4 $1 31. f6 g6 {/\Rc3} 32. Qf4 Kh7 $15)
31. Nb1 $1 Rc5 $6 (31... Rxd3 $5 32. Qxd3 Qf4+ 33. Qg3 Qxf5 $44) 32. Rxc5 Qxc5
33. Rc2 Qb6 34. Nd2 $16 {Der Fehler im 30. Zug kam Schwarz teuer zu stehen -
seine Dame wurde zurückgeworfen, vom Gegenspiel blieb keine Spur.} Re8 35. e6
$1 Nh7 36. Rc7 Rf8 37. Nc4 Bxc4 38. Bxc4 $18 Nf6 39. Qe5 d3 40. exf7+ (40. e7
Re8 41. Bxd3 $18) 40... Kh7 41. Bxd3 Qb3 42. Qd6 Qb8 43. Bc4 Ne4 44. Qe5 Nd2
45. Ba2 Qb6 46. Rc2 $2 {In einer total gewonnnenen Stellung läßt Topalov die
Genauigkeit vermissen.} (46. Qc5 $1 Qb8 47. Qd6 Ne4 48. Qe5 Nd2 49. Re7 $18)
46... Qf2 $1 {Diesen Zug hat er wahrscheinlich übersehen. Weiß muß die
Qualität geben, wonach sein Gewinn in Frage gestellt wird.} 47. Rxd2 Qxd2 48.
Bd5 $16 Qg5 49. Qd6 Qd8 50. Qxd8 Rxd8 51. Bc6 g6 $1 $11 52. Be8 Kg7 53. fxg6 h5
$1 54. a4 h4 55. Kg1 Rd2 56. g3 hxg3 57. h4 Rh2 58. h5 Kf8 $1 (58... Rxh5 $4
59. f8=Q+ Kxf8 60. g7+ $18) 59. Kf1 Kg7 60. Kg1 Kf8 61. Kf1 1/2-1/2